000 00717 a2200205 4500
003 Nust
005 20230608104626.0
010 _a 94006003
020 _a0024154830
040 _cNust
082 0 0 _a005.8,STA
100 1 _aStallings, William.
245 1 0 _aNetwork and internetwork security :
_bprinciples and practice /
_cWilliam Stallings.
260 _aEnglewood Cliffs, N.J. :
_bPrentice Hall, ;
_aNew York, :
_bIEEE
_cc1995.
300 _axiii, 462 p. :
_bill. ;
_c24 cm.
505 _aPart 1: Internetwork Security Principles (Page-21), Part 2: Internetwork Security Practice (Page-267).
650 0 _aComputer networks
_xSecurity measures.
_9466
650 0 _aComputer security.
_9570
942 _2ddc
_cBKB
999 _c179438
_d179438